GMT +9 Countries - Statistics

General Stats
  • This quiz has been taken 13 times
  • The average score is 7 of 7
Answer Stats
Country % Correct
Japan
100%
Russia
100%
Indonesia
92%
North Korea
92%
Palau
92%
South Korea
92%
Timor Leste
83%
No matching quizzes found
Score Distribution
Percent of People with Each Score
Percentile by Number Answered
Your Score History
You have not taken this quiz